000 00437nam a2200181Ia 4500
005 20250423094437.0
008 250422s9999 xx 000 0 und d
020 _a9780333744727
050 _aGN 24 .P54 .H46/
100 _aHendry, Joy
245 3 _aAn introduction to social anthropology.
260 _aLondon
260 _bMACMILLAN press Ltd.
260 _c1999
300 _a249 p
650 _aAnthropology.
942 _cBK
999 _c27254
_d27254